02204nam a2200289 i 4500001001000000003001000010005001700020007000300037008004100040020001800081040004700099041000800146082002000154100003000174245008900204264003800293264001200331300002700343336002700370337003300397338002800430490001800458505028300476520111700759563001401876650002401890768714001CO-MdFUSB20220328104436.0ta220121t2011 ck |||| |||| 00| 0 spa d a9789583035470 aCO-MdFUSBbspacCO-MdFUSBdCO-MdFUSBCerda apor 223a158.1bC639 aCliment, Carlos E.eautor14aLos tiranos del alma :bidentifíquelos y libérese de ellos c/ Carlos E. Climent 1aColombia :bPanamericana,c[2011] 4c© 2011 a229 páginasc; 23 cm 2rdacontentatextobtxt 2rdamediaasin mediaciónbn 2rdacarrieravolumenbnc aAgenda de hoy tLos mitos comunes. -- Temores inconfesables. -- La comodidad y sus personajes. -- Los trastornos de ansiedad. -- Los trastornos del ánimo. -- Los trastornos de personalidad. -- La hipocresía en la vida cotidiana. -- La ilusión de los falsos paraísos. -- La liberación. aLos tiranos del alma están ahí. Son una variedad de condiciones patológicas y de situaciones cotidianas que se instalan silenciosamente en la vida de las personas. Ocultos tras la máscara de la «normalidad», corro en todo lo que tocan: los amigos, la familia, el trabajo, el amor. Es preciso identificarlos para liberarse de ellos, pues escondidos no reciben tratamiento y someten a sus víctimas. De esta cofradía hacen parte el cansancio crónico, la irritabilidad, el pesimismo y la depresión. Las desconcertantes oscilaciones anímicas del trastorno bipolar, la parálisis causada por los miedos inconfesables, las fobias o las ideas obsesivas, y la incapacidad para liberarse de la tiranía de seres queridos egoístas, narcisistas, impulsivos, pasivos, agresivos, dependientes, antisociales o hipócritas. Este libro presenta casos basados en la práctica clínica del autor. El propósito no es ofrecer respuestas fáciles a problemas complejos. La intención es brindar al lector una visión optimista que le permita dar un paso fundamental en el camino hacia su liberación.  aRústico 7aPsicología social